Quick Pick: 1-10 in Czech Quiz Stats

Quiz not verified by Sporcle

Also try: Typing Race
Challenge
Share
Tweet
Embed
Score 0/10 Timer 01:30
0 Plays Today
% Correct
Tri
89%
Dva
89%
Osm
77.4%
Sedm
76%
Shest
71.9%
Jeden
67.1%
Pet
67.1%
Devet
65.8%
Deset
65.1%
Chtyri
59.6%

You're not logged in!

Compare scores with friends on all Sporcle quizzes.
Join for Free
OR
Log In

You Might Also Like...

Show Comments

Extras

Top Quizzes Today


Score Distribution

Your Account Isn't Verified!

In order to create a playlist on Sporcle, you need to verify the email address you used during registration. Go to your Sporcle Settings to finish the process.

Report this User

Report this user for behavior that violates our Community Guidelines.

Details: